000 00600nam a2200181Ia 4500
008 100917s9999 xx 000 0 und d
082 _b44657
100 _aलक्ष्मीपुत्र लक्ष्मण
245 _aआई तुला कशी म्हणू मी
260 _bललित नाटय प्रकाशन
_c1979
300 _a80
365 _b5
520 _aनाटक
630 _aआई तुला कशी म्हणू मी
650 _aनाटक
730 _aआई तुला कशी म्हणू मी
942 _cBOOK
999 _c650051
_d650048